Languages of the United Arab Emirates - Statistics

General Stats
  • This quiz has been taken 266 times
  • The average score is 8 of 10
Answer Stats
Hint Answer % Correct
Main Language Arabic
99%
Official Language of Iran Persian
92%
Spoken by more than 800 million people Hindi
91%
Official Language of Pakistan Urdu
91%
Lingua Franca English
90%
National Language of the Philippines Tagalog
86%
Official Language of Bangladesh Bengali
82%
Official Language of Sri Lanka Tamil
74%
Spoken in 3 Countries Chinese
35%
Native to some states of India Malayalam
32%
No matching quizzes found
Score Distribution
Percent of People with Each Score
Percentile by Number Answered
Your Score History
You have not taken this quiz